|
|
|
|
| LEADER |
00000nam a22000007a 4500 |
| 005 |
20220920231314.0 |
| 007 |
cr|||| |x|| |
| 008 |
220920s2017 co |||||s|||| 00||0 spa d |
| 020 |
|
|
|a 978-958-762-673-5
|
| 035 |
|
|
|a 37232
|
| 040 |
|
|
|a vLex
|
| 090 |
|
|
|c 13988
|d 13988
|
| 100 |
1 |
|
|a De Zubira̕ Samper, Miguel
|
| 245 |
1 |
2 |
|a El Genial Capitalismo
|h [Recurso electrn̤ico] /
|c Miguel De Zubira̕ Samper
|
| 256 |
|
|
|a Servicio en ln̕ea
|
| 260 |
|
|
|a Bogot:̀
|b Ediciones de la U,
|c 2017
|
| 300 |
|
|
|a 1 recurso electrn̤ico
|
| 506 |
1 |
|
|a Disponible solo en los productos indicados
|d vLex Global
|d vLex Global (Academic Edition, excluding Law Schools)
|d vLex Global (U.S. Academic Edition, Law Schools)
|d vLex Global (U.S. Academic Edition, excluding Law Schools)
|d vLex Global (Academic Edition, Law Schools)
|
| 650 |
0 |
4 |
|a Ciencias sociales
|z Colombia
|
| 740 |
0 |
|
|a vLex Libros (Servicio en ln̕ea)
|
| 856 |
4 |
0 |
|u https://app.vlex.com/#/sources/37232
|z Acceso restringido
|
| 942 |
|
|
|c BOOK
|
| 999 |
0 |
|
|a Social Sciences
|